A szegedi repülés Trianon terhe alatt 1920-1938 /

Elmentve itt :
Bibliográfiai részletek
Szerző: Pusztai János
Dokumentumtípus: Cikk
Megjelent: Belvedere Meridionale Szeged 2002
Sorozat:Belvedere Meridionale 14 No. 1-2
Kulcsszavak:Repülés története - Szeged - 1920-1938, Békeszerződés - trianoni
Tárgyszavak:
Online Access:http://acta.bibl.u-szeged.hu/4850
LEADER 00769nab a2200193 i 4500
001 acta4850
005 20250731123041.0
008 161015s2002 hu o 000 hun d
040 |a SZTE Egyetemi Kiadványok Repozitórium  |b hun 
041 |a hun 
100 1 |a Pusztai János 
245 1 2 |a A szegedi repülés Trianon terhe alatt   |h [elektronikus dokumentum] :  |b 1920-1938 /  |c  Pusztai János 
260 |a Belvedere Meridionale  |b Szeged  |c 2002 
300 |a 46-52 
490 0 |a Belvedere Meridionale  |v 14 No. 1-2 
650 4 |a Bölcsészettudományok 
650 4 |a Történettudomány és régészet 
695 |a Repülés története - Szeged - 1920-1938, Békeszerződés - trianoni 
856 4 0 |u http://acta.bibl.u-szeged.hu/4850/1/belvedere_2002_001_002_046-052.pdf  |z Dokumentum-elérés